000
00316nam a2200133Ia 4500
008
230917s9999||||xx |||||||||||||| ||und||
040
_e
153799
_a
MAIN
041
_a
English
082
_a
294.6 C349S
100
_a
Chatterjee, suniti Kumar
245
0
_a
Shri guru Granth Sahibji
300
_a
291p p.
942
_c
BK
999
_c
196301
_d
196301